000 00611nam a2200205 i 4500
001 38366
003 ES-MaACL
005 20250831112820.0
007 t|
008 030225s1966 sp ||||1| spa d
100 1 _aCabezas, Juan Antonio,
_d1900-1993
_933200
245 1 0 _aAsturias /
_cJuan Antonio Cabezas.
260 _aBarcelona :
_bAries,
_c1966.
300 _a200 p., 10 lám. :
_bil. ;
_c17 cm.
490 1 _aGuías turísticas de España
600 1 7 _a
_2
_9242171
830 0 _aGuías turísticas de España
_9229672
852 _aES-MaACL
_jC-30603
_bR.60624
999 _c38366
_d38366